| 000 | 00557nam a2200217 a 4500 | ||
|---|---|---|---|
| 999 |
_c11770 _d11770 |
||
| 001 | 11770 | ||
| 003 | BD-JhCC | ||
| 005 | 20200903122130.0 | ||
| 008 | 200903b2016 enka|||| ||a| 001 0 eng d | ||
| 020 | _a9780241227893 | ||
| 035 | _a(BD-JhCC)11770 | ||
| 040 |
_aBD-JhCC _dBD-JhCC |
||
| 041 | _aeng | ||
| 082 |
_a909 _bHIS 2016 |
||
| 245 | _a100 Events That Made History | ||
| 260 |
_aEngland: _bDK ; _c2016. |
||
| 300 |
_a128 p.: _bill : _c28 cm. |
||
| 650 |
_a World history _vJuvenile literature _xWorld history |
||
| 942 |
_2ddc _cBK |
||